| 000 | nam a22 a 4500 | ||
|---|---|---|---|
| 999 |
_c399514 _d399514 |
||
| 003 | BLK | ||
| 005 | 20220325164615.0 | ||
| 008 | 210301b bul|||||r ||||||| ||bul|| | ||
| 010 | _aKNG00032972000 | ||
| 020 | _a978-619-00-1188-0 | ||
| 040 | _aBLK | ||
| 041 |
_aBUL _cBUL |
||
| 080 |
_aОтделни родове. Фамилии. История на родовете _b929.52 _x(497.21-22) _z929.52(497.21-22) |
||
| 100 |
_91299 _aМитев, Дамян Петков _eпърви автор |
||
| 139 |
_aМитев, Дамян Петков _bМ 70 |
||
| 245 | 1 | 0 |
_aРодът Паликрушеви в селата Мусина и Глоджево _cДамян Петков Митев |
| 257 | _aBGR | ||
| 260 |
_bФабер _9209950 _aВ. Търново _c2020 _n978-619-00- ; 978-954-400- ; 978-954-775- ; 954-9541- |
||
| 300 |
_a164 с. _bс ил., портр., табл. _c24 см |
||
| 380 | _a9 | ||
| 500 | _aЗагл. на кор.: Родът Паликрушеви в Мусина и Глоджево | ||
| 504 | _aБиблиогр.: с. 148-160 | ||
| 650 | 0 |
_9395521 _aРодове, български - история |
|
| 852 |
_aЦб 306302 _bЦб |
||
| 852 |
_bК _c9/М 70 Д |
||
| 856 | 4 | _qpdf | |
| 856 | 4 | _qpdf | |
| 942 |
_cKNG _n0 _s1 _01 |
||
| 944 |
_aCR _c2021-03-01 _kир |
||
| 999 | _d399514 | ||
| 999 | _d399514 | ||
| 999 | _d399514 | ||
| 999 | _d399514 | ||
| 999 | _d399514 | ||